Online
Catalog

Textos aljamiados sobre la vida de Mahoma : (Record no. 38866)

MARC details
000 -CABECERA
campo de control de longitud fija 00805nam a2200181 a 4500
001 - NÚMERO DE CONTROL
campo de control 000039376
005 - FECHA Y HORA DE LA ÚLTIMA TRANSACCIÓN
campo de control 20201002031624.0
008 - DATOS DE LONGITUD FIJA--INFORMACIÓN GENERAL
campo de control de longitud fija 130625s1994 sp 000 0 spa d
020 ## - NÚMERO INTERNACIONAL ESTÁNDAR DEL LIBRO
Número Internacional Estándar del Libro 8400074645
040 ## - FUENTE DE LA CATALOGACIÓN
Centro catalogador/agencia de origen DO-SdBNP
Lengua de catalogación spa
Centro/agencia transcriptor BNPHU
245 00 - MENCIÓN DE TÍTULO
Título Textos aljamiados sobre la vida de Mahoma :
Resto del título Profeta de los Moriscos /
Mención de responsabilidad, etc. edición y estudio Consuelo López-Morillas.
260 ## - PUBLICACIÓN, DISTRIBUCIÓN, ETC.
Lugar de publicación, distribución, etc. Salamanca :
Nombre del editor, distribuidor, etc. Consejo Superior de Investigaciones Científicas (CSIC) :
-- Agenda Españosla de Cooperación Internacional (AECI,),
Fecha de publicación, distribución, etc. 1994.
300 ## - DESCRIPCIÓN FÍSICA
Extensión 199 p. ;
Dimensiones 24 cm.
490 1# - MENCIÓN DE SERIE
Mención de serie Fuentes arábico-hispanas ;
-- 16
500 ## - NOTA GENERAL
Nota general Transliteración en caracteres latinos de textos aljamiados Incluye bibliografía, glosario e índices
504 ## - NOTA DE BIBLIOGRAFÍA, ETC.
Nota de bibliografía, etc. Bibliografía : p. 193 -199
830 #0 - PUNTO DE ACCESO ADICIONAL DE SERIE-TÍTULO UNIFORME
Título uniforme Fuentes arábico-hispanas
Designación de volumen o secuencia 16
9 (RLIN) 65581
Holdings
Estado de retiro Estado de pérdida Restricciones de uso No para préstamo Código de colección Localización permanente Ubicación/localización actual Ubicación en estantería Fecha de adquisición Número de inventario Total de préstamos Signatura topográfica completa Código de barras Fecha visto por última vez Precio válido a partir de Tipo de ítem Koha
      Excluido de préstamo Monografías: Libros y Folletos General General En catalogación 25.06.2013 LF1   39376-10 25.06.2020 25.06.2020 No se presta

Powered by Koha